Udinese players (2010-2020) - Statistics

General Stats
  • This quiz has been taken 6 times
  • The average score is 73 of 126
Answer Stats
Rank Player Positions Nationality Matches Goals (assists) Period % Correct
4 Rodrigo De Paul CM 141 24 (23) 2016-2020
100%
60 Alexis Sánchez ST 31 12 (10) 2010-2011
83%
38 Antonín Barák AM 50 7 (4) 2017-2020
83%
2 Antonio Di Natale ST 193 107 (29) 2010-2016
83%
9 Cyril Théréau ST 108 35 (6) 2014-2018
83%
70 Germán Denis ST 25 4 (2) 2010-2011
83%
29 Jakub Jankto LM 65 9 (9) 2016-2018
83%
14 Jens Stryger Larsen RB 99 3 (8) 2017-2020
83%
26 Juan Musso GK 67 0 (0) 2018-2020
83%
13 Kevin Lasagna ST 101 28 (4) 2017-2020
83%
24 Kwadwo Asamoah LM 69 5 (6) 2010-2012
83%
21 Medhi Benatia CB 80 6 (1) 2010-2013
83%
10 Orestis Karnezis GK 108 0 (0) 2014-2017
83%
52 Panagiotis Kone CM 38 1 (4) 2014-2017
83%
80 Piotr Zieliński CM 19 0 (2) 2012-2014
83%
19 Roberto Pereyra CM 84 8 (9) 2011-2014
83%
64 Rodrigo Becão CB 29 1 (1) 2019-2020
83%
33 Rolando Mandragora DM 61 3 (4) 2018-2020
83%
23 Samir Handanovič GK 73 0 (0) 2010-2012
83%
53 Sebastien De Maio CB 37 1 (0) 2018-2020
83%
6 Silvan Widmer RB 131 5 (16) 2013-2018
83%
49 Simone Scuffet GK 39 0 (0) 2013-2015, 2016-2019
83%
50 Valon Behrami CM 39 2 (1) 2017-2019
83%
78 Walace DM 20 0 (0) 2019-2020
83%
30 William Troost-Ekong CB 65 0 (0) 2018-2020
83%
103 Adalberto Peñaranda LW 6 0 (0) 2016-2017
67%
58 Albano Bizzarri GK 32 0 (0) 2017-2018
67%
27 Ali Adnan CB 65 1 (2) 2015-2018
67%
11 Allan DM 104 1 (13) 2012-2015
67%
62 Andrija Balic CM 29 1 (1) 2016-2019
67%
20 Bram Nuytinck CB 80 1 (1) 2017-2020
67%
17 Bruno Fernandes AM 86 10 (12) 2013-2016
67%
54 Cristian Zapata CB 35 2 (1) 2010-2011
67%
1 Danilo CB 244 9 (2) 2011-2018
67%
91 Darwin Machís LW 13 0 (1) 2018-2019
67%
16 Dusan Basta RB 89 9 (10) 2011-2014
67%
31 Duván Zapata ST 63 18 (8) 2015-2017
67%
63 Edenilson CM 29 0 (0) 2015-2016
67%
32 Emil Hallfredsson CM 61 1 (4) 2015-2019
67%
3 Emmanuel Badu CM 165 10 (9) 2010-2017, 2018-2019
67%
34 Felipe CB 58 2 (2) 2015-2017
67%
109 Felipe Vizeu ST 5 0 (0) 2018-2019
67%
69 Francesco Lodi DM 25 1 (1) 2015-2017
67%
41 Gabriele Angella CB 48 5 (0) 2010-2011, 2012-2013, 2016-2018
67%
75 Gabriel Torje RW 21 2 (1) 2011-2012
67%
7 Giampiero Pinzi CM 123 8 (9) 2010-2015
67%
18 Giovanni Pasquale LM 84 1 (6) 2010-2016
67%
77 Giuseppe Pezzella LB 20 0 (1) 2017-2020
67%
55 Gökhan Inler DM 35 3 (4) 2010-2011
67%
57 Hidde ter Avest RB 33 0 (1) 2018-2020
67%
42 Ignacio Pussetto RW 47 5 (5) 2018-2020
67%
66 Ilija Nestorovski ST 28 3 (1) 2019-2020
67%
35 Iván Piris RB 58 0 (0) 2014-2016
67%
102 Juan Cuadrado RM 9 0 (0) 2010-2011
67%
59 Ken Sema LW 32 2 (1) 2019-2020
67%
99 Lucas Evangelista CM 10 0 (1) 2014-2015, 2016-2017
67%
36 Luis Muriel ST 57 15 (5) 2012-2015
67%
61 Lukasz Teodorczyk ST 30 1 (1) 2018-2020
67%
48 Maicosuel AM 39 3 (5) 2012-2014
67%
123 Marco Ballarini CM 1 0 (0) 2019-2020
67%
72 Marco D'Alessandro RW 24 0 (2) 2018-2019
67%
124 Martin Palumbo DM 1 0 (0) 2019-2020
67%
71 Marvin Zeegelaar LB 25 0 (1) 2018-2020
67%
73 Mathias Ranégie ST 24 1 (1) 2012-2014
67%
68 Mato Jajalo DM 26 0 (0) 2019-2020
67%
37 Mauricio Isla RB 55 5 (7) 2010-2012
67%
5 Maurizio Domizzi CB 133 5 (7) 2010-2016
67%
67 Maxi López ST 28 2 (2) 2017-2018
67%
46 Molla Wagué CB 40 2 (0) 2014-2019
67%
79 Nicholas Opoku CB 19 0 (0) 2018-2020
67%
76 Nicolás López ST 21 2 (0) 2013-2014
67%
22 Pablo Armero LM 76 3 (19) 2010-2013, 2015-2017
67%
125 Petar Micin AM 1 0 (0) 2018-2019
67%
110 Riad Bajic ST 5 0 (0) 2017-2018
67%
56 Ryder Matos CF 35 0 (1) 2015-2018
67%
15 Samir Caetano CB 94 5 (3) 2016-2020
67%
94 Sandro CM 12 0 (0) 2018-2019
67%
8 Seko Fofana CM 112 13 (11) 2016-2020
67%
40 Stefano Okaka ST 49 14 (3) 2018-2020
67%
25 Stipe Perica ST 69 10 (2) 2014-2018
67%
65 Sven Kums CM 29 0 (1) 2016-2017
67%
12 Thomas Heurtaux CB 102 5 (3) 2012-2017
67%
43 Zeljko Brkic GK 43 0 (0) 2012-2014
67%
104 Alexander Merkel CM 6 0 (0) 2012-2013, 2015-2016
50%
120 Alexis Zapata AM 1 0 (0) 2014-2015
50%
107 Ben Wilmot CB 5 0 (0) 2018-2019
50%
101 Daniele Padelli GK 9 0 (0) 2012-2013
50%
74 Diego Fabbrini LW 21 2 (2) 2011-2013
50%
108 Ewandro Costa AM 5 0 (0) 2016-2017
50%
106 Francesco Zampano RB 6 0 (2) 2017-2018
50%
28 Gabriel Silva LB 65 2 (4) 2012-2015, 2016-2017
50%
85 Gelson Fernandes DM 16 1 (1) 2011-2012
50%
47 Guilherme DM 39 0 (3) 2014-2016
50%
82 Manuel Iturra DM 17 0 (1) 2015-2016
50%
114 Neuton CB 4 0 (0) 2011-2012
50%
119 Simone Pontisso CM 2 0 (0) 2014-2015, 2017-2018
50%
100 Svante Ingelsson CM 10 1 (0) 2017-2019
50%
87 Zdravko Kuzmanovic CM 16 0 (0) 2015-2016
50%
90 Álex Geijo ST 13 1 (0) 2014-2015
33%
44 Almen Abdi CM 42 0 (1) 2010-2012
33%
51 Antonio Floro Flores ST 38 7 (5) 2010-2012
33%
95 Barreto CF 11 0 (0) 2011-2013
33%
84 Davide Faraoni RB 16 0 (1) 2012-2013, 2016-2017
33%
97 Hassan Yebda CM 10 0 (0) 2013-2014
33%
122 Jádson CM 1 0 (0) 2013-2014
33%
117 Matej Vydra ST 2 0 (0) 2010-2011
33%
86 Naldo CB 16 0 (0) 2013-2014
33%
45 Andrea Coda CB 40 0 (0) 2010-2013
17%
39 Andrea Lazzari CM 49 1 (9) 2012-2014
17%
81 Bernardo Corradi ST 18 1 (1) 2010-2011
17%
105 Cristian Battocchio CM 6 0 (0) 2010-2013
17%
88 Damiano Ferronetti CB 15 1 (0) 2011-2012
17%
121 Diego Rodríguez DM 1 0 (0) 2012-2013
17%
115 Douglas Santos LB 3 0 (0) 2013-2014
17%
116 Emanuele Belardi GK 3 0 (0) 2010-2011
17%
92 Igor Bubnjic CB 13 0 (0) 2013-2015
17%
98 Ivan Kelava GK 10 0 (0) 2013-2014
17%
93 Joel Ekstrand CB 12 0 (0) 2010-2012
17%
96 Marquinho AM 11 0 (0) 2015-2016
17%
112 Matías Campos Toro LB 4 0 (0) 2012-2013
17%
113 Melker Hallberg CM 4 0 (0) 2014-2015
17%
89 Michele Pazienza DM 15 1 (0) 2011-2012
17%
118 Nicola Belmonte CB 2 0 (0) 2014-2015
17%
83 Rodrigo Aguirre ST 17 1 (1) 2014-2016
17%
126 Thierry Doubai DM 1 0 (0) 2011-2012
17%
111 Willians DM 5 0 (0) 2012-2013
17%
No matching quizzes found
Score Distribution
Percent of People with Each Score
Percentile by Number Answered
Your Score History
You have not taken this quiz